Geography Quiz

Random Geography or Color Quiz
Score 0/25 Timer 04:00
11 Plays Today
Country % Correct
France
91.9%
Italy
87.2%
Germany
85.6%
Russia
75.3%
Ireland
71.2%
Netherlands
66.1%
Belgium
65.2%
Estonia
55.9%
Lithuania
51.3%
Latvia
50.7%
Romania
50.5%
Austria
50.4%
Luxembourg
47.3%
Country % Correct
Hungary
47.1%
Bulgaria
43.8%
Colombia
34.5%
Nigeria
34.4%
Chad
32.8%
Cote d'Ivoire
31.9%
Mali
27.3%
Armenia
26.9%
Yemen
24.8%
Guinea
22.6%
Gabon
19.7%
Sierra Leone
17.8%
Remove Ads.
Support Sporcle.
Get the best of Sporcle when you Go Orange. This ad-free experience offers more features, more stats, and more fun while also helping to support Sporcle. Thank you for becoming a member.

You're not logged in!

Compare scores with friends on all Sporcle quizzes.
OR
Log In

Show Comments

Extras

Top Quizzes Today


Score Distribution

Your Account Isn't Verified!

In order to create a playlist on Sporcle, you need to verify the email address you used during registration. Go to your Sporcle Settings to finish the process.

Report this User

Report this user for behavior that violates our Community Guidelines.

Details: